| 000 | 003700000a22001090004500 | ||
|---|---|---|---|
| 773 | 0 | _tBoletín Teológico | |
| 245 | 1 | 0 | _aPara analisis argumental del escrito |
| 300 | _aNúm.1 (Enero-Marzo, 1981), Página 29 | ||
| 500 | _aI. Identificación de elementos II. Del andamiaje argumentativo III. El argumento IV. Síntesis crítica | ||
| 650 | 1 | 4 | _aHERMENÉUTICA |
| 942 | _cANA | ||
| 999 |
_c62727 _d62727 |
||